[Event "Titled Tuesday intern op 06th May Early"]
[Site "Chess.com INT"]
[Date "2025.05.06"]
[Round "6"]
[White "Pranav, Shetty"]
[Black "Toncheva, Nadya"]
[Result "0-1"]
[WhiteElo "2144"]
[BlackElo "2332"]
[PlyCount "106"]
[EventDate "2025.05.06"]
[EventType "swiss (blitz)"]
[EventRounds "11"]
[EventCountry "USA"]
[SourceTitle "CB20_2025"]
[SourceDate "2025.05.14"]
[SourceVersion "1"]
[SourceVersionDate "2025.05.14"]
[SourceQuality "1"]

1. d4 d5 2. Nf3 Nf6 3. e3 c5 4. c3 Nc6 5. Bd3 e6 6. Nbd2 Bd6 7. Qe2 0-0 8. dxc5 Bxc5 9. e4 dxe4 10. Nxe4 Be7 11. h4 Nxe4 12. Bxe4 f5 13. Bc2 Qc7 14. Bg5 Bd7 15. 0-0-0 Rad8 16. Kb1 Bc8 17. Bb3 Rxd1+ 18. Rxd1 Bxg5 19. Nxg5 Kh8 20. Qh5 g6 21. Qh6 Qg7 22. Qxg7+ Kxg7 23. Bxe6 h6 24. Bxc8 Rxc8 25. Rd7+ Kf6 26. Rf7+ Ke5 27. Nf3+ Kf4 28. Rxb7 Re8 29. Rg7 Re2 30. Rxg6 Ne7 31. Rxh6 Rxf2 32. Rh7 Nd5 33. h5 Ne3 34. a4 Rxg2 35. Nd4 Rg1+ 36. Ka2 Rg2 37. h6 Nc4 38. Kb3 Nxb2 39. Rh8 Nd3 40. h7 Rh2 41. Ne6+ Ke5 42. Nf8 Nc5+ 43. Kb4 Kd6 44. Rg8 Rh4+ 45. Ka3 Rxh7 46. Kb2 Rh2+ 47. Ka3 f4 48. Rg6+ Kd5 49. Nd7 Nxd7 50. Rg7 Ne5 51. Rxa7 Ke4 52. a5 f3 53. a6 f2 0-1

[Event "Titled Tuesday intern op 11th Mar Early"]
[Site "Chess.com INT"]
[Date "2025.03.11"]
[Round "9"]
[White "Pranav, Shetty"]
[Black "Guzman, Christopher"]
[Result "1-0"]
[WhiteElo "2144"]
[BlackElo "2234"]
[PlyCount "65"]
[EventDate "2025.03.11"]
[EventType "swiss (blitz)"]
[EventRounds "11"]
[EventCountry "USA"]
[SourceTitle "CB12_2025"]
[SourceDate "2025.03.19"]
[SourceVersion "1"]
[SourceVersionDate "2025.03.19"]
[SourceQuality "1"]

1. e4 c6 2. c4 d5 3. exd5 cxd5 4. cxd5 Nf6 5. Nc3 Nxd5 6. Nf3 Nc6 7. Bb5 e6 8. 0-0 Be7 9. Re1 0-0 10. d4 Bd7 11. Nxd5 exd5 12. Bf4 Rc8 13. Rc1 Bg4 14. Bxc6 Rxc6 15. Rxc6 bxc6 16. h3 Bxf3 17. Qxf3 Bd6 18. Bxd6 Qxd6 19. Qc3 h6 20. b4 Rb8 21. a3 g6 22. g3 Kg7 23. Kg2 Rb5 24. h4 h5 25. Re8 Qd7 26. Qe3 Qf5 27. Ra8 Rb7 28. Qe8 Kf6 29. Qxc6+ Qe6 30. Qxb7 Qe4+ 31. Kh2 Qf3 32. Qc6+ Kg7 33. Qc2 1-0

[Event "Titled Tuesday intern op 04th Mar Early"]
[Site "Chess.com INT"]
[Date "2025.03.04"]
[Round "1"]
[White "Gunnarsson, Jon Viktor"]
[Black "Pranav, Shetty"]
[Result "1-0"]
[WhiteElo "2444"]
[BlackElo "2144"]
[PlyCount "67"]
[EventDate "2025.03.04"]
[EventType "swiss (blitz)"]
[EventRounds "11"]
[EventCountry "USA"]
[SourceTitle "CB11_2025"]
[SourceDate "2025.03.12"]
[SourceVersion "1"]
[SourceVersionDate "2025.03.12"]
[SourceQuality "1"]

1. e4 c6 2. d4 d5 3. Nc3 dxe4 4. Nxe4 Nf6 5. Nxf6+ exf6 6. Be3 Bd6 7. Bd3 Na6 8. Ne2 Nc7 9. 0-0 0-0 10. h3 Re8 11. c4 Be6 12. Qc2 g6 13. Rad1 Qd7 14. Nf4 Rad8 15. Nxe6 Rxe6 16. Kh1 Rde8 17. Bd2 f5 18. Bc3 Bf4 19. Qb3 Rb8 20. d5 cxd5 21. cxd5 Rb6 22. Qc4 Qd6 23. Qd4 f6 24. Bc4 Be5 25. Qe3 Bxc3 26. bxc3 Re8 27. Qd4 Kg7 28. a4 Rb2 29. Qxa7 Ra8 30. Qe3 Rxa4 31. Be2 Raa2 32. Bf3 Nb5 33. c4 Na3 34. c5 1-0

[Event "Titled Tuesday intern op 04th Mar Early"]
[Site "Chess.com INT"]
[Date "2025.03.04"]
[Round "2"]
[White "Pranav, Shetty"]
[Black "Bellincampi, Stefano"]
[Result "1-0"]
[WhiteElo "2144"]
[BlackElo "1963"]
[PlyCount "41"]
[EventDate "2025.03.04"]
[EventType "swiss (blitz)"]
[EventRounds "11"]
[EventCountry "USA"]
[SourceTitle "CB11_2025"]
[SourceDate "2025.03.12"]
[SourceVersion "1"]
[SourceVersionDate "2025.03.12"]
[SourceQuality "1"]

1. e4 e6 2. d4 d5 3. Nc3 dxe4 4. Nxe4 Nd7 5. Nf3 Ngf6 6. Nxf6+ Nxf6 7. Bd3 c5 8. dxc5 Bxc5 9. Qe2 b6 10. Bd2 Bb7 11. 0-0-0 0-0 12. Bg5 Qc7 13. Kb1 Rac8 14. Ne5 Nd5 15. Bc1 Nb4 16. Bxh7+ Kxh7 17. Rd7 Qb8 18. Rxf7 Kg8 19. Rxg7+ Kxg7 20. Qg4+ Kf6 21. Qg5# 1-0

[Event "Titled Tuesday intern op 04th Feb Early"]
[Site "Chess.com INT"]
[Date "2025.02.04"]
[Round "6"]
[White "Goncharov, Vladimir"]
[Black "Pranav, Shetty"]
[Result "1-0"]
[WhiteElo "2077"]
[BlackElo "2144"]
[PlyCount "59"]
[EventDate "2025.02.04"]
[EventType "swiss (blitz)"]
[EventRounds "11"]
[EventCountry "USA"]
[SourceTitle "CB07_2025"]
[SourceDate "2025.02.12"]
[SourceVersion "1"]
[SourceVersionDate "2025.02.12"]
[SourceQuality "1"]

1. d4 Nf6 2. c4 g6 3. Nc3 Bg7 4. e4 d6 5. h3 0-0 6. Be3 Na6 7. g4 c5 8. d5 b5 9. cxb5 Nc7 10. Be2 a6 11. g5 Nh5 12. a4 axb5 13. axb5 Bd7 14. b6 Bxc3+ 15. bxc3 Nb5 16. Rc1 Qxb6 17. Bxh5 gxh5 18. Qxh5 Ra3 19. Ne2 Qa5 20. 0-0 Ra8 21. Ng3 Rxc3 22. Nf5 Bxf5 23. exf5 Rxc1 24. Rxc1 Nd4 25. g6 hxg6 26. fxg6 fxg6 27. Qxg6+ Kh8 28. Qh5+ Kg7 29. Kh2 Kf8 30. Bh6+ 1-0

[Event "Titled Tuesday intern op 14th Jan Early"]
[Site "Chess.com INT"]
[Date "2025.01.14"]
[Round "6"]
[White "Iskusnyh, Sergei"]
[Black "Pranav, Shetty"]
[Result "1-0"]
[WhiteElo "2440"]
[BlackElo "2144"]
[PlyCount "95"]
[EventDate "2025.01.14"]
[EventType "swiss (blitz)"]
[EventRounds "11"]
[EventCountry "USA"]
[SourceTitle "CB04_2025"]
[SourceDate "2025.01.22"]
[SourceVersion "1"]
[SourceVersionDate "2025.01.22"]
[SourceQuality "1"]

1. d4 Nf6 2. c4 g6 3. g3 Bg7 4. Bg2 0-0 5. Nc3 d6 6. Nf3 Nc6 7. d5 Na5 8. b3 c5 9. Bb2 a6 10. 0-0 Rb8 11. Nd2 b5 12. Qc1 Bg4 13. h3 Bd7 14. Rb1 Qc8 15. Kh2 Re8 16. Nce4 Nxe4 17. Nxe4 Bxb2 18. Rxb2 bxc4 19. bxc4 Rxb2 20. Qxb2 Nxc4 21. Qc3 Nb6 22. Rd1 Bf5 23. Nd2 Qc7 24. e4 Bd7 25. f4 Na4 26. Qe3 Rb8 27. e5 Rb2 28. exd6 exd6 29. Ne4 Kg7 30. Rd2 Rxd2 31. Qxd2 Bf5 32. Ng5 h6 33. Nf3 Be4 34. f5 Bxf3 35. Bxf3 Qb6 36. f6+ Kxf6 37. Qxh6 Qb2+ 38. Bg2 Ke7 39. Qh4+ f6 40. Qxa4 Qb6 41. Qc2 Kf7 42. h4 f5 43. h5 Kf6 44. hxg6 Kxg6 45. Bh3 Qb4 46. Qxf5+ Kg7 47. Qg5+ Kf7 48. Be6+ 1-0

[Event "Titled Tuesday intern op 14th Jan Early"]
[Site "Chess.com INT"]
[Date "2025.01.14"]
[Round "4"]
[White "Lim, Timothy Chien En"]
[Black "Pranav, Shetty"]
[Result "0-1"]
[WhiteElo "2044"]
[BlackElo "2144"]
[PlyCount "94"]
[EventDate "2025.01.14"]
[EventType "swiss (blitz)"]
[EventRounds "11"]
[EventCountry "USA"]
[SourceTitle "CB04_2025"]
[SourceDate "2025.01.22"]
[SourceVersion "1"]
[SourceVersionDate "2025.01.22"]
[SourceQuality "1"]

1. Nf3 Nf6 2. c4 g6 3. Nc3 Bg7 4. e4 d6 5. d4 0-0 6. Be2 Na6 7. 0-0 e5 8. Re1 c6 9. Be3 Qe7 10. Qc2 Re8 11. d5 c5 12. g3 h6 13. a3 Kh7 14. Rab1 Ng8 15. Nh4 Rf8 16. Bd3 Bg4 17. b4 b6 18. Qa4 Nc7 19. bxc5 dxc5 20. Qc6 Rad8 21. Nb5 Nxb5 22. Qxb5 Bf6 23. Ng2 Bg5 24. a4 Bf3 25. a5 Rd6 26. axb6 axb6 27. Qa6 Qc7 28. Bxg5 hxg5 29. Rb3 Nf6 30. Bc2 g4 31. Nh4 Kg7 32. Nxf3 gxf3 33. Rxf3 Rh8 34. Rb1 Ng4 35. h4 g5 36. hxg5 Qd8 37. Kf1 Nh2+ 38. Ke2 Nxf3 39. Kxf3 Qxg5 40. Rxb6 Qf6+ 41. Ke2 Rxb6 42. Qa3 Rh2 43. Qe3 Rb2 44. Kd3 Rxf2 45. Bd1 Rbd2+ 46. Kc3 Rxd1 47. g4 Rf3 0-1

[Event "Mumbai Wealth op 5th"]
[Site "Mumbai"]
[Date "2020.01.06"]
[Round "8"]
[White "Aaryan, Varshney"]
[Black "Pranav, Shetty"]
[Result "0-1"]
[WhiteElo "2269"]
[BlackElo "2162"]
[PlyCount "90"]
[EventDate "2019.12.30"]
[EventType "swiss"]
[EventRounds "9"]
[EventCountry "IND"]
[SourceTitle "CBM 194 Extra"]
[Source "ChessBase"]
[SourceDate "2020.03.31"]
[SourceVersion "1"]
[SourceVersionDate "2020.03.31"]
[SourceQuality "1"]

1. d4 Nf6 2. c4 g6 3. Nc3 Bg7 4. e4 d6 5. Nf3 0-0 6. Be2 e5 7. 0-0 Nbd7 8. Be3 c6 9. d5 c5 10. Ne1 Ne8 11. Nd3 f5 12. exf5 gxf5 13. f3 Kh8 14. Qc2 Qf6 15. Kh1 Bh6 16. f4 Qg6 17. Rae1 Ndf6 18. Qc1 e4 19. Nf2 Bg7 20. g3 Nc7 21. Rd1 Bd7 22. a3 a5 23. a4 Na6 24. Rg1 Nb4 25. h3 h5 26. Nb5 Bxb5 27. axb5 Kg8 28. g4 hxg4 29. hxg4 fxg4 30. Bxg4 Qh7+ 31. Kg2 Nxg4 32. Nxg4 Nd3 33. Qd2 Qh4 34. Kf1 Rxf4+ 35. Bxf4 Rf8 36. Rg2 Qh1+ 37. Rg1 Rxf4+ 38. Nf2 Qh3+ 39. Rg2 Rxf2+ 40. Qxf2 Nxf2 41. Kxf2 Qf3+ 42. Kg1 Qxd1+ 43. Kh2 e3 44. Kg3 e2 45. Rxe2 Qxe2 0-1

[Event "Mumbai Wealth op 5th"]
[Site "Mumbai"]
[Date "2020.01.05"]
[Round "7"]
[White "Pranav, Shetty"]
[Black "Ratnakaran, Kantoli"]
[Result "0-1"]
[WhiteElo "2162"]
[BlackElo "2322"]
[PlyCount "78"]
[EventDate "2019.12.30"]
[EventType "swiss"]
[EventRounds "9"]
[EventCountry "IND"]
[SourceTitle "CBM 194 Extra"]
[Source "ChessBase"]
[SourceDate "2020.03.31"]
[SourceVersion "1"]
[SourceVersionDate "2020.03.31"]
[SourceQuality "1"]

1. e4 e6 2. d4 d5 3. Nc3 Nf6 4. e5 Nfd7 5. Nce2 c5 6. c3 Nc6 7. Nf3 b6 8. Nf4 Bb7 9. h4 h6 10. Bd3 Qe7 11. a3 c4 12. Bc2 0-0-0 13. Be3 Na5 14. a4 Kb8 15. h5 Rc8 16. 0-0 Qe8 17. Nd2 Be7 18. Qg4 Ka8 19. Rfe1 Qg8 20. f3 Nf8 21. Bf2 Rc7 22. Bh4 Bxh4 23. Qxh4 g5 24. hxg6 Nxg6 25. Qf6 Nxf4 26. Qxf4 Bc8 27. Kf2 f5 28. exf6 Rf7 29. b3 cxb3 30. Nxb3 Nxb3 31. Bxb3 Qg6 32. a5 Rg8 33. Qh2 Qd3 34. Qxh6 Rh7 35. f7 Rxg2+ 36. Kxg2 Rxh6 37. Bxd5+ exd5 38. Re8 Qg6+ 39. Kf2 Rh2+ 0-1

[Event "BAN-chT"]
[Site "Dhaka"]
[Date "2019.12.16"]
[Round "10.2"]
[White "Akshat, Khamparia"]
[Black "Pranav, Shetty"]
[Result "1/2-1/2"]
[WhiteElo "2399"]
[BlackElo "2162"]
[PlyCount "108"]
[EventDate "2019.12.07"]
[EventType "team-tourn"]
[EventRounds "11"]
[EventCountry "BAN"]
[SourceTitle "CBM 194 Extra"]
[Source "ChessBase"]
[SourceDate "2020.03.31"]
[SourceVersion "1"]
[SourceVersionDate "2020.03.31"]
[SourceQuality "1"]
[WhiteTeam "Titas CC"]
[BlackTeam "Sheikh Russel"]
[WhiteTeamCountry "BAN"]
[BlackTeamCountry "BAN"]

1. d4 Nf6 2. Bg5 d5 3. e3 c5 4. Bxf6 gxf6 5. c4 cxd4 6. Qxd4 dxc4 7. Qxd8+ Kxd8 8. Bxc4 e6 9. Nc3 f5 10. Nf3 Bb4 11. 0-0-0+ Ke7 12. Rd3 Nd7 13. a3 Bxc3 14. Rxc3 Nf6 15. Rd1 Bd7 16. Ne5 Rac8 17. f3 Rc5 18. Nxd7 Nxd7 19. b4 Rc7 20. Kb2 Nb6 21. Bb3 Rxc3 22. Kxc3 Rc8+ 23. Kd3 Rd8+ 24. Ke2 Rxd1 25. Kxd1 Nc8 26. Kd2 Nd6 27. Kd3 e5 28. a4 b6 29. Bd5 Kd7 30. g3 Ke7 31. h3 Kf8 32. f4 f6 33. fxe5 fxe5 34. e4 fxe4+ 35. Bxe4 Kg7 36. g4 h6 37. h4 Kf6 38. Ke3 Nc4+ 39. Ke2 Nb2 40. Bc2 Nc4 41. Bd3 Nd6 42. Kf3 a5 43. bxa5 bxa5 44. Bc2 Kg7 45. g5 hxg5 46. hxg5 Kf7 47. Kg4 Kg7 48. Kh5 Nb7 49. Kh4 Nd6 50. Kh5 Nb7 51. g6 Nc5 52. Kg5 e4 53. Kf4 Kxg6 54. Bxe4+ Kf6 1/2-1/2

[Event "BAN-chT"]
[Site "Dhaka"]
[Date "2019.12.12"]
[Round "6.6"]
[White "Dutta, Joydeep"]
[Black "Pranav, Shetty"]
[Result "1-0"]
[WhiteElo "2060"]
[BlackElo "2162"]
[PlyCount "59"]
[EventDate "2019.12.07"]
[EventType "team-tourn"]
[EventRounds "11"]
[EventCountry "BAN"]
[SourceTitle "CBM 193 Extra"]
[Source "ChessBase"]
[SourceDate "2020.01.31"]
[SourceVersion "1"]
[SourceVersionDate "2020.01.31"]
[SourceQuality "1"]
[WhiteTeam "Bangladesh Biman"]
[BlackTeam "Sheikh Russel"]
[WhiteTeamCountry "BAN"]
[BlackTeamCountry "BAN"]

1. d4 Nf6 2. c4 g6 3. g3 Bg7 4. Bg2 0-0 5. Nc3 d6 6. Nf3 Nc6 7. 0-0 a6 8. Qd3 d5 9. cxd5 Nxd5 10. Rd1 Ndb4 11. Qb1 Bf5 12. e4 Bg4 13. a3 Bxf3 14. Bxf3 Nxd4 15. Rxd4 Qxd4 16. axb4 Qxb4 17. Qc2 c6 18. Be3 Rfd8 19. Kg2 Rd7 20. Ra4 Qd6 21. Qb3 Be5 22. Bg4 e6 23. f4 b5 24. Ra1 Bd4 25. e5 Qc7 26. Ne4 Kg7 27. Nd6 Bxe3 28. Qxe3 c5 29. Bf3 Ra7 30. Ne8+ 1-0

[Event "Madurai op 1st"]
[Site "Madurai"]
[Date "2017.08.12"]
[Round "1"]
[White "Pranav, Shetty"]
[Black "Arputharaj, D."]
[Result "1-0"]
[WhiteElo "2201"]
[BlackElo "1251"]
[PlyCount "71"]
[EventDate "2017.08.12"]
[EventType "swiss"]
[EventRounds "8"]
[EventCountry "IND"]
[SourceTitle "CBM 180 Extra"]
[Source "ChessBase"]
[SourceDate "2017.10.06"]
[SourceVersion "1"]
[SourceVersionDate "2017.10.06"]
[SourceQuality "1"]

1. e4 c5 2. Nf3 d6 3. d4 cxd4 4. Nxd4 Nf6 5. Nc3 Nc6 6. Bg5 e6 7. Qd2 Nxd4 8. Qxd4 e5 9. Qa4+ Bd7 10. Bb5 Be7 11. Bxf6 Bxf6 12. Rd1 Be7 13. Nd5 a6 14. Bxd7+ Qxd7 15. Nc7+ Kd8 16. Qxd7+ Kxd7 17. Nxa8 Rxa8 18. Ke2 Rc8 19. c3 Ke6 20. Rd3 g6 21. b3 f5 22. f3 f4 23. g3 g5 24. Rg1 h6 25. gxf4 exf4 26. h4 Bf6 27. hxg5 hxg5 28. Rh1 Rxc3 29. Rxc3 Bxc3 30. Rh7 b5 31. Ra7 a5 32. Kd3 Be1 33. Rb7 b4 34. Rb5 Bh4 35. Rxa5 Kf6 36. Ke2 1-0

[Event "Panchavati Resha op 3rd"]
[Site "Panchavati"]
[Date "2017.07.19"]
[Round "3"]
[White "Pranav, Shetty"]
[Black "Barde, Om"]
[Result "1-0"]
[WhiteElo "2200"]
[BlackElo "1599"]
[PlyCount "93"]
[EventDate "2017.07.18"]
[EventType "swiss"]
[EventRounds "10"]
[EventCountry "IND"]
[SourceTitle "EXT 2018"]
[Source "ChessBase"]
[SourceDate "2017.10.13"]
[SourceVersion "1"]
[SourceVersionDate "2017.10.13"]
[SourceQuality "1"]

1. e4 c5 2. Nf3 d6 3. d4 cxd4 4. Nxd4 Nf6 5. Nc3 a6 6. h3 e5 7. Nde2 Be6 8. g4 Be7 9. Bg2 Nc6 10. 0-0 0-0 11. Ng3 Na5 12. Nf5 Bxf5 13. exf5 Rc8 14. g5 Nd7 15. Ne4 Qc7 16. Qg4 Kh8 17. g6 fxg6 18. fxg6 Rfe8 19. h4 d5 20. Qh5 Nf8 21. Nc3 Nxg6 22. Nxd5 Qxc2 23. Bh3 Rcd8 24. Bf5 Qc6 25. Nxe7 Rxe7 26. Bg5 Ree8 27. Rac1 Qb6 28. b4 Rd5 29. bxa5 Rxa5 30. Rb1 Rb5 31. a4 Rxb1 32. Rxb1 Qc6 33. Bxg6 Qxg6 34. Qxg6 hxg6 35. Rxb7 e4 36. Rb6 Kh7 37. Rxa6 Rc8 38. Re6 Rc4 39. a5 Ra4 40. a6 Ra1+ 41. Kg2 Ra4 42. Be3 Kg8 43. a7 Kf7 44. Rc6 Ke7 45. Rc8 Kd7 46. a8Q Rxa8 47. Rxa8 1-0